Compte comptable belge - Statistiques

Statistiques générales
  • Ce quiz a été pris 29 fois
  • Le résultat moyen est 11 sur 20
Statistiques - réponses
Hint Réponse % Correct
clients 4000
100%
fournisseurs 4400
100%
TVA à récupérer 4110
78%
TVA à payer 4510
75%
ventes de marchandises 7040
75%
TVA à payer / AIC 4511
73%
SBD 6100
73%
Caisse 5700
71%
Achats de marchandises 6040
71%
CCB 5500
70%
TVA à récupérer / AIC 4111
67%
mobilier 2400
64%
TVA à payer / CC 4519
60%
capital souscrit 1000
58%
immeubles 2210
43%
rémunérations employés 6202
42%
accompte versé sur IC 2700
36%
ONSS 4540
36%
avances au personnel 4160
33%
virements internes VISA 5820
30%
contributions cheque repas 7400
27%
rémunérations dues 4550
20%
terrains 2200
17%
bénéfice reporté 1300
13%
accompte reçu sur commande 4600
13%
Aucun quiz correspondant
Distribution des résultats
% des personnes avec chaque résultat
Percentile par nombre de réponses
Votre historique - résultats
Vous n’avez pas pris ce quiz